000 00989cam a22002891 4500
999 _c18402
_d18402
001 3111003
003 BDDh-ASL
005 20231015025715.0
008 730410s1958 ii 001 0aeng
010 _a 57004446
040 _aDLC
_cDLC
_dBDDh-ASL
041 1 _aengguj
050 0 0 _aDS481.G3
_bA3 1957
082 0 0 _a923.254
_bGAA
100 1 _aGandhi,
_cMahatma,
_d1869-1948.
240 1 0 _aSatyanā prayogo athavā ātmakathā.
_lEnglish
245 0 3 _aAn autobiography:
_bthe story of my experiments with truth/
_cby M. K. Gandhi; translated from the original in Gujarati by Mahadev Desai.
260 _aAhmedabad:
_bNavajivan Publishing House,
_c1958.
300 _axvi, 392 p. :
_c22 cm.
490 0 _aBeacon paperback, no. 35
500 _aIncludes index.
600 1 0 _aGandhi,
_cMahatma,
_d1869-1948.
650 0 _aStatesmen
_zIndia
_xBiography.
740 0 _aStory of my experiments with truth.
906 _a7
_bcbc
_corignew
_du
_eocip
_f19
_gy-gencatlg
942 _2ddc
_cBK